Footballers That Are Under 6 Feet #2 - Sudden Death - Statistics

General Stats
  • This quiz has been taken 47 times
  • The average score is 7 of 10
Answers on the Grid
Answers color-coded by a green-red scale on the quiz's grid according to % correct below.
Bukayo Saka
Xherdan Shaqiri
Lamine Yamal
Alejandro Garnacho
Antony
Lautaro Martínez
Kylian Mbappé
Pedri
Gavi
Vinicius Junior
Casemiro
Harry Kane
Robert Lewandowski
Michael Olise
Manuel Neuer
Thomas Müller
 
Answer Stats
Answer % Correct
Bukayo Saka
95%
Xherdan Shaqiri
88%
Antony
85%
Gavi
85%
Pedri
80%
Vinicius Junior
73%
Alejandro Garnacho
68%
Lamine Yamal
53%
Lautaro Martínez
53%
Kylian Mbappé
40%
No matching quizzes found
Score Distribution
Percent of People with Each Score
Percentile by Number Answered
Your Score History
You have not taken this quiz